| 000 | 00487cam a22002171 4500 | ||
|---|---|---|---|
| 001 | sa 64005936 | ||
| 003 | DLC | ||
| 005 | 20260227112036.0 | ||
| 008 | 890829s1961 bg 000 0 beno | ||
| 010 | _asa 64005936 | ||
| 035 | _a(OCoLC)20276916 | ||
| 040 |
_aDLC _cWaU _dDLC |
||
| 042 | _apremarc | ||
| 050 | 0 | 0 |
_aPK1718.I84 _bB5 |
| 100 | 1 | _aIslam, Muzharul. | |
| 245 | 1 | 0 | _aBicāra. |
| 260 | _c[1961] | ||
| 300 |
_a61 p. _c18 cm. |
||
| 500 | _aIn Bengali. | ||
| 500 | _aA play. | ||
| 999 |
_c59418 _d59418 |
||